Statistics for U.S. Vice Presidents Quiz

Click here to take the quiz!

General Stats

  • This quiz has been taken 45,392 times
    (21,372 since last reset)
  • The average score is 22 of 48

Answer Stats

Term Vice-President % Correct
2009-2017Joe Biden
93%
2017-Mike Pence
92%
1961-1963Lyndon B. Johnson
87%
1865Andrew Johnson
86%
1837-1841Richard Johnson
85%
1789-1797John Adams
84%
1981-1989George H. W. Bush
82%
1993-2001Al Gore
81%
1797-1801Thomas Jefferson
80%
2001-2009Dick Cheney
79%
1973-1974Gerald Ford
78%
1945Harry Truman
73%
1901Theodore Roosevelt
72%
1953-1961Richard Nixon
72%
1989-1993Dan Quayle
59%
1969-1973Spiro Agnew
56%
1841John Tyler
55%
1921-1923Calvin Coolidge
54%
1881Chester A. Arthur
50%
1833-1837Martin Van Buren
49%
1977-1981Walter Mondale
48%
1849-1850Millard Fillmore
45%
1873-1875Henry Wilson
44%
1974-1977Nelson Rockefeller
41%
1801-1805Aaron Burr
41%
1805-1812George Clinton
39%
1965-1969Hubert Humphrey
38%
1861-1865Hannibal Hamlin
27%
1893-1897Adlai E. Stevenson
27%
1825-1832John C. Calhoun
26%
1941-1945Henry A. Wallace
25%
1933-1941John Nance Garner
24%
1949-1953Alben Barkley
22%
1913-1921Thomas R. Marshall
21%
1925-1929Charles Dawes
21%
1853William R. King
21%
1857-1861John C. Breckinridge
21%
1813-1814Elbridge Gerry
20%
1869-1873Schuyler Colfax
20%
1845-1849George M. Dallas
19%
1929-1933Charles Curtis
19%
1909-1912James S. Sherman
19%
1897-1899Garret Hobart
18%
1905-1909Charles W. Fairbanks
18%
1817-1825Daniel D. Tompkins
18%
1889-1893Levi P. Morton
17%
1877-1881William A. Wheeler
17%
1885Thomas A. Hendricks
17%

Score Distribution

Percentile by Number Answered

Percent of People with Each Score

Your Score History

You have not taken this quiz since the last reset